| 000 | 00788nam a2200217Ia 4500 | ||
|---|---|---|---|
| 001 | 2994 | ||
| 003 | GE_BSU | ||
| 008 | 181216s||||||||xx |||||||||||||| ||und|| | ||
| 040 | _cGE_BSU | ||
| 080 | _a665.6/7(075.32) | ||
| 100 | _aДовжук,Г.Т. Иванец,К.Я. Анастасьин,В.Ф. | ||
| 245 | _aОборудование нефтеперерабатывающих заводов и основы его расчета. | ||
| 245 | _bУчебник. | ||
| 245 | _cВед.Ред.Л.Н.Вронский. | ||
| 260 | _aМ. | ||
| 260 | _bГостоптехиздат. | ||
| 260 | _c1962. | ||
| 300 | _a344 стр.24 см. | ||
| 653 | _aОборудование нефтеперерабатывающих заводов и основы его расчета. | ||
| 942 | _cBK | ||
| 999 |
_c37040 _d37040 |
||